000 00798nam a2200277Ia 4500
001 Para_7815
003 CHAP
008 220125s1942 xx 000 0 und d
010 _a206450
040 _cCHAP
082 _aPA-C 631.5 B85
110 _aExtension Agronomy Department
_9172750
245 _aA hand book of agronomy /
_c by Extension Agronomy Department
260 _aVirginia :
_b United States Department
440 _aBulletin ; 97
_9172751
500 _aEnc. con otros impresos similares
650 _aCultivos
_x variedad
_9172752
650 _aRotación de cultivos
_9100243
901 _aPA-C 631.5 B85
902 _aA
905 _a0000001942 a 0000000000 00
910 _a1942
942 _cPARA
942 _cPARA
_d1
999 _c206450
_d206450